|
|
|
|
| LEADER |
00000cam a2200000 a 4500 |
| 001 |
vtls008399269 |
| 003 |
SK-MaSNL |
| 005 |
20260301140444.0 |
| 008 |
230403s1951 xo a c p 000 0 slo |
| 015 |
|
|
|a SNBA19451955-011629
|
| 035 |
|
|
|a SK01SNKBKSFS20010091486
|
| 035 |
|
|
|a urn:nbn:sk:snk-am3ikwz
|
| 035 |
|
|
|a 4CE29D5B-20A5-4B89-AF4A-9E144E052881
|
| 035 |
|
|
|a urn:nbn:sk:snk-am00enof
|
| 035 |
|
|
|a SKM000093949
|
| 040 |
|
|
|a SNK
|b slo
|c SNK
|e AACR2
|
| 041 |
0 |
|
|a slo
|
| 044 |
|
|
|a xo
|c SK
|
| 080 |
|
|
|a 373(075)
|2 1981
|
| 080 |
|
|
|a 908(075)
|2 1981
|
| 100 |
1 |
|
|a Stojka, Ondrej,
|d 1916-2000
|4 aut
|9 110540
|
| 245 |
1 |
0 |
|a Neživá príroda
|b učebnica vlastivedy pre 5. postupný ročník národných škôl
|n Časť 2
|c Ondrej Stojka ; [ilustrácie Adolf Müller]
|
| 260 |
|
|
|a Bratislava
|b Štátne nakladateľstvo
|c 1951
|e Bratislava
|f Universum
|
| 300 |
|
|
|a 113, [2] s.
|c 8°
|
| 563 |
|
|
|a 65.000 výtlač.
|
| 650 |
0 |
7 |
|a vlastiveda
|2 SNKPH
|9 3887
|
| 650 |
0 |
7 |
|a živá príroda
|2 SNKPH
|9 69815
|
| 655 |
|
7 |
|a učebnice základných škôl
|2 SNKPH
|9 70187
|
| 700 |
1 |
|
|a Müller, Adolf
|4 ill
|9 323825
|
| 852 |
|
|
|a Slovenská národná knižnica
|
| 954 |
|
|
|a odborná, vedecká literatúra pôvodná (slovenská)
|2 lita
|
| 958 |
|
|
|a OND
|
| 958 |
|
|
|a RK
|
| 958 |
|
|
|a TL
|
| 958 |
|
|
|a EUIPO
|
| 999 |
|
|
|c 763749
|d 765679
|
| 952 |
|
|
|a SNK
|b SNK
|y PREZ
|7 0
|p 17A0695209
|o snkSD 7468/2
|i snk3547/51
|0 0
|1 0
|4 0
|d 2011-07-14
|f 1
|l 0
|r 2025-11-18 00:00:00
|w 2026-02-24
|
| 952 |
|
|
|a SNK
|b SNK
|y VYP
|7 0
|p 17A0695208
|o snkSD 7468/2 D1
|i snkF 5915/64
|8 5
|0 0
|1 0
|4 0
|d 2011-07-14
|l 0
|r 2026-02-24 00:11:58
|w 2026-02-24
|